000 01061nam a22002537a 4500
005 20170124102933.0
010 _aA-738425
020 _c100.00
035 _aA-738425
037 _bCen Lib/Ret
040 _aDPL
_bHN
082 _a814
_bमिश्ररा
100 _aमिश्रोभिराजराजेन्द्र
_945804
245 _aशास्र्त्रलोचनम /
_cमिश्रोभिराजराजेन्द्र
246 _aShastralochanam /
_bby Mishrabhirajrajendra
260 _aइलाहबाद
_bअक्षयवट प्रकाशन
_c1994
270 _a२६, बलराम हाउस
_bइलाहबाद
300 _aiv, 152पृ.
_c19सेमी (सजिल्द)
650 _aसंस्कृत साहित्य
_9442
650 _aशास्त्रीय आलोचना
_x
_945805
650 _aSanskrit literature
_945806
650 _aClassical criticism
_945807
942 _2ddc
_cHN
_h814
_mमिश्ररा
999 _c112085
_d112085